Biochemistry of the alligator : (Record no. 12615)
[ view plain ]
| 000 -LEADER | |
|---|---|
| fixed length control field | 00858nam a22002651 4500 |
| 001 - CONTROL NUMBER | |
| control field | 12615 |
| 003 - CONTROL NUMBER IDENTIFIER | |
| rucl marc code | BD-RjUL |
| 005 - DATE AND TIME OF LATEST TRANSACTION | |
| control field | 20211208235327.0 |
| 008 - FIXED-LENGTH DATA ELEMENTS--GENERAL INFORMATION | |
| fixed length control field | 140129s1964 laua b s001 0 eng |
| 035 ## - SYSTEM CONTROL NUMBER | |
| System control number | (BD-RjUL)12664 |
| 040 ## - CATALOGING SOURCE | |
| Original cataloging agency | DLC/ICU |
| Transcribing agency | ICU |
| Modifying agency | DLC |
| Language of cataloging | eng |
| 041 ## - LANGUAGE CODE | |
| Language code of text/sound track or separate title | eng |
| 082 00 - DEWEY DECIMAL CLASSIFICATION NUMBER | |
| Classification number | 598.14 |
| Author mark and year | cob 1964 |
| 100 1# - MAIN ENTRY--PERSONAL NAME | |
| Personal name | Coulson, Roland A. |
| 9 (RLIN) | 39296 |
| 245 10 - TITLE STATEMENT | |
| Title | Biochemistry of the alligator : |
| Remainder of title | a study of metabolism in slow motion / |
| Statement of responsibility, etc. | Roland A. Coulson [and] Thomas Hernandez. |
| 260 ## - PUBLICATION, DISTRIBUTION, ETC. (IMPRINT) | |
| Place of publication, distribution, etc. | Baton Rouge : |
| Name of publisher, distributor, etc. | Louisiana State University Press, |
| Date of publication, distribution, etc. | 1964. |
| 300 ## - PHYSICAL DESCRIPTION | |
| Pagination | xx, 138 p. : |
| Illustrations | illus., diagrs. ; |
| Size | 26 cm. |
| 504 ## - BIBLIOGRAPHY, ETC. NOTE | |
| Bibliography, etc | Includes index and bibliographies. |
| 650 #0 - SUBJECT ADDED ENTRY--TOPICAL TERM | |
| Topical term or geographic name as entry element | Metabolism. |
| 9 (RLIN) | 39297 |
| Topical term or geographic name as entry element | Alligators. |
| 9 (RLIN) | 39298 |
| 700 1# - ADDED ENTRY--PERSONAL NAME | |
| Personal name | Hernandez, Thomas, |
| Relator term | joint author. |
| 942 ## - ADDED ENTRY ELEMENTS (KOHA) | |
| Source of classification or shelving scheme | Dewey Decimal Classification |
| Koha item type | Books |
| Lost status | Source of classification or shelving scheme | Damaged status | Not for loan | Collection code | Permanent Location | Current Location | Shelving location | Date acquired | Source of acquisition | Cost, normal purchase price | Total Checkouts | Full call number | Date last seen | Copy number | Koha item type |
|---|---|---|---|---|---|---|---|---|---|---|---|---|---|---|---|
| Dewey Decimal Classification | Not For Loan | Non-fiction | Central Library, University of Rajshahi | Central Library, University of Rajshahi | Reading Room | 09/07/1966 | Asia Foundation | 0.00 | 598.14 cob 1964 | 29/01/2014 | C-1 | Books |